[Event "SVK-chT 2324"]
[Site "Slovakia"]
[Date "2024.01.20"]
[Round "5.7"]
[White "Cajka, Tibor"]
[Black "Sevcik, Matej"]
[Result "1/2-1/2"]
[WhiteElo "2107"]
[BlackElo "2201"]
[PlyCount "38"]
[EventDate "2023.11.04"]
[EventType "team-tourn"]
[EventRounds "11"]
[EventCountry "SVK"]
[SourceTitle "CB04_2024"]
[SourceDate "2023.10.16"]
[SourceVersion "1"]
[SourceVersionDate "2023.10.16"]
[SourceQuality "1"]
[WhiteTeam "Osuske"]
[BlackTeam "Levice"]
[WhiteTeamCountry "SVK"]
[BlackTeamCountry "SVK"]

1. e4 e5 2. Nf3 Nc6 3. Bb5 a6 4. Ba4 d6 5. c3 f5 6. exf5 Bxf5 7. 0-0 Bd3 8. Re1 Be7 9. Bc2 Bxc2 10. Qxc2 Nf6 11. d4 e4 12. Ng5 d5 13. Nd2 h6 14. Nh3 0-0 15. f3 exf3 16. Nxf3 Rf7 17. Qg6 Bd6 18. Bf4 Ne4 19. Bxd6 Qxd6 1/2-1/2

[Event "SVK-chT 2324"]
[Site "Slovakia"]
[Date "2023.12.09"]
[Round "3.8"]
[White "Cajka, Tibor"]
[Black "Tropp, Oliver"]
[Result "0-1"]
[WhiteElo "2139"]
[BlackElo "2142"]
[PlyCount "84"]
[EventDate "2023.11.04"]
[EventType "team-tourn"]
[EventRounds "11"]
[EventCountry "SVK"]
[SourceTitle "CB04_2024"]
[SourceDate "2023.10.16"]
[SourceVersion "1"]
[SourceVersionDate "2023.10.16"]
[SourceQuality "1"]
[WhiteTeam "Osuske"]
[BlackTeam "Liptov Chess School"]
[WhiteTeamCountry "SVK"]
[BlackTeamCountry "SVK"]

1. Nf3 e6 2. d4 d5 3. Bf4 Nf6 4. e3 Be7 5. Bd3 0-0 6. h3 c5 7. c3 Nc6 8. Nbd2 b6 9. 0-0 Bb7 10. Bh2 Bd6 11. Ne5 Qc7 12. f4 Ne7 13. Qc2 c4 14. Be2 Nf5 15. Kf2 Bxe5 16. fxe5 Ne4+ 17. Nxe4 dxe4 18. g4 Ne7 19. Kg1 b5 20. Bd1 a5 21. a3 b4 22. Qd2 bxc3 23. bxc3 Rab8 24. Bc2 Bd5 25. Rab1 Rxb1 26. Rxb1 Rb8 27. Qc1 Rb3 28. Bxb3 cxb3 29. c4 Qxc4 30. Bg3 h5 31. Qd2 hxg4 32. Rf1 gxh3 33. Qxa5 Qe2 34. Qd8+ Kh7 35. Rf2 Qg4 36. Kh2 Nf5 37. Rxf5 Qxf5 38. Qh4+ Kg6 39. Bf4 Qh5 40. Qg3+ Kh7 41. Qf2 Qg4 42. Bg3 Qf3 0-1

[Event "SVK-chT2A 2223"]
[Site "Slovakia"]
[Date "2023.02.11"]
[Round "8.3"]
[White "Kukelko, Alexey"]
[Black "Cajka, Tibor"]
[Result "1-0"]
[WhiteElo "2280"]
[BlackElo "2113"]
[PlyCount "93"]
[EventDate "2022.10.08"]
[EventType "team-tourn"]
[EventRounds "11"]
[EventCountry "SVK"]
[SourceTitle "EXT 2024"]
[Source "ChessBase"]
[SourceDate "2023.10.10"]
[SourceVersion "1"]
[SourceVersionDate "2023.10.10"]
[SourceQuality "1"]
[WhiteTeam "Bratislava Doprastav II"]
[BlackTeam "Osuske II"]
[WhiteTeamCountry "SVK"]
[BlackTeamCountry "SVK"]

1. e4 g6 2. d4 Bg7 3. Nc3 d6 4. f4 c5 5. dxc5 Qa5 6. cxd6 Bxc3+ 7. bxc3 Qxc3+ 8. Bd2 Qd4 9. Bd3 Bg4 10. Qb1 Nf6 11. c3 Qb6 12. h3 Be6 13. dxe7 Nbd7 14. Nf3 Qxb1+ 15. Bxb1 Nc5 16. Ng5 Bc4 17. Be3 Nfd7 18. Kf2 Kxe7 19. Rd1 f6 20. Nf3 Rac8 21. Bc2 Ne6 22. f5 Nc7 23. a4 b6 24. Rd2 Na6 25. a5 Ndc5 26. axb6 axb6 27. Rad1 gxf5 28. exf5 Rhd8 29. Rd4 Rxd4 30. Rxd4 b5 31. g4 Bb3 32. Bxb3 Nxb3 33. Re4+ Kf7 34. Bd4 Nac5 35. Re3 Na4 36. h4 Nb2 37. Kg3 Nd1 38. Re6 Nxd4 39. cxd4 Rb8 40. g5 fxg5 41. Nxg5+ Kg8 42. f6 h6 43. f7+ Kf8 44. Rxh6 Ke7 45. Re6+ Kf8 46. h5 Nc3 47. h6 1-0

[Event "SVK-ch Amateurs"]
[Site "Radava"]
[Date "2022.11.14"]
[Round "2"]
[White "Cajka, Tibor"]
[Black "Galbavy, Dusan"]
[Result "1-0"]
[WhiteElo "2101"]
[BlackElo "1800"]
[PlyCount "59"]
[EventDate "2022.11.14"]
[EventType "swiss"]
[EventRounds "8"]
[EventCountry "SVK"]
[SourceTitle "CBM 211 Extra"]
[Source "ChessBase"]
[SourceDate "2023.01.31"]
[SourceVersion "1"]
[SourceVersionDate "2023.01.31"]
[SourceQuality "1"]

1. e4 e6 2. d4 d5 3. Nc3 Nf6 4. Bg5 Be7 5. Bxf6 Bxf6 6. e5 Be7 7. Bd3 c5 8. Qg4 g6 9. dxc5 Bxc5 10. h4 Nc6 11. Nf3 f5 12. Qf4 d4 13. Nb5 Nb4 14. Nfxd4 Qa5 15. Kf1 Nxd3 16. cxd3 Bd7 17. Nc3 0-0-0 18. Nb3 Qb6 19. Qc4 Bc6 20. Qxc5 Qa6 21. Rh3 Rxd3 22. Rxd3 Qxd3+ 23. Kg1 f4 24. Na5 Qa6 25. Nxc6 bxc6 26. Rd1 Qb7 27. Rd6 Qxb2 28. Rxc6+ Kb8 29. Nb5 Qxa2 30. Nd6 1-0

[Event "SVK-chT1W 2223"]
[Site "Slovakia"]
[Date "2022.11.05"]
[Round "3.5"]
[White "Kolcak, Marek"]
[Black "Cajka, Tibor"]
[Result "0-1"]
[WhiteElo "2079"]
[BlackElo "2101"]
[PlyCount "98"]
[EventDate "2022.10.15"]
[EventType "team-tourn"]
[EventRounds "11"]
[EventCountry "SVK"]
[SourceTitle "EXT 2024"]
[Source "ChessBase"]
[SourceDate "2023.10.10"]
[SourceVersion "1"]
[SourceVersionDate "2023.10.10"]
[SourceQuality "1"]
[WhiteTeam "Bratislava Slovan III"]
[BlackTeam "Povazska Bystrica"]
[WhiteTeamCountry "SVK"]
[BlackTeamCountry "SVK"]

1. e4 c6 2. d4 g6 3. f4 d5 4. e5 h5 5. Bd3 Bg4 6. Nf3 Nh6 7. Nbd2 e6 8. h3 Bf5 9. Nf1 Be7 10. Be3 Nd7 11. Bf2 Qb6 12. Ne3 Qxb2 13. 0-0 Qa3 14. Nxf5 Nxf5 15. Qd2 b5 16. c3 Nb6 17. Rfb1 Qa6 18. Qe2 Qa3 19. Rb3 Qa5 20. Be1 Nc4 21. a4 a6 22. Rbb1 Qd8 23. Bxc4 dxc4 24. Qe4 Rc8 25. axb5 axb5 26. Ra7 0-0 27. Rba1 Rc7 28. R1a6 Rxa7 29. Rxa7 Qb6 30. Rd7 Rd8 31. Rxe7 Nxe7 32. Bh4 Rd7 33. Bf6 b4 34. cxb4 Nf5 35. Kh2 Nxd4 36. Nh4 Nf5 37. Nxf5 exf5 38. Qe1 c5 39. bxc5 Qc6 40. Qb4 Rc7 41. Qxc4 Qxc5 42. Qxc5 Rxc5 43. g4 Rc3 44. gxf5 gxf5 45. Kg2 Kf8 46. h4 Ke8 47. Kf2 Rb3 48. Ke2 Kd7 49. Kd2 Ke6 0-1

[Event "SVK-ch Blitz"]
[Site "Nitra"]
[Date "2022.10.29"]
[Round "5"]
[White "Cajka, Tibor"]
[Black "Jablonicky, Martin"]
[Result "0-1"]
[WhiteElo "2013"]
[BlackElo "2256"]
[PlyCount "76"]
[EventDate "2022.10.29"]
[EventType "swiss"]
[EventRounds "13"]
[EventCountry "SVK"]
[SourceTitle "EXT 2024"]
[Source "ChessBase"]
[SourceDate "2023.10.10"]
[SourceVersion "1"]
[SourceVersionDate "2023.10.10"]
[SourceQuality "1"]

1. d4 Nf6 2. Bg5 g6 3. Bxf6 exf6 4. e4 d5 5. Nc3 Bb4 6. Bd3 dxe4 7. Bxe4 0-0 8. Nge2 Re8 9. Bf3 Nd7 10. 0-0 Nb6 11. a3 Bf8 12. d5 Nc4 13. Rb1 Ne5 14. Nd4 a6 15. Re1 Bd7 16. h4 Bd6 17. h5 f5 18. hxg6 hxg6 19. g3 Qf6 20. Bg2 Kg7 21. Nce2 Ng4 22. Qd3 Re7 23. Nc3 Rae8 24. Rxe7 Rxe7 25. Nce2 Bc5 26. b4 Bd6 27. c4 f4 28. c5 fxg3 29. f3 Nf2 30. Qd2 Be5 31. Rc1 Bh3 32. c6 b6 33. a4 Bxg2 34. Kxg2 Qh4 35. f4 Qh2+ 36. Kf3 Bxd4 37. Nxd4 Qh5+ 38. Kxg3 Ne4+ 0-1

[Event "SVK-ch Blitz"]
[Site "Nitra"]
[Date "2022.10.29"]
[Round "11"]
[White "Cajka, Tibor"]
[Black "Lecky, Juraj"]
[Result "0-1"]
[WhiteElo "2013"]
[BlackElo "2005"]
[PlyCount "44"]
[EventDate "2022.10.29"]
[EventType "swiss"]
[EventRounds "13"]
[EventCountry "SVK"]
[SourceTitle "EXT 2024"]
[Source "ChessBase"]
[SourceDate "2023.10.10"]
[SourceVersion "1"]
[SourceVersionDate "2023.10.10"]
[SourceQuality "1"]

1. g3 c5 2. Bg2 Nc6 3. c3 g6 4. d3 Bg7 5. e4 e5 6. Ne2 Nge7 7. 0-0 0-0 8. Be3 b6 9. d4 d6 10. dxc5 dxc5 11. f4 exf4 12. gxf4 Bg4 13. Qc2 Rc8 14. Nd2 Nd4 15. Bxd4 cxd4 16. Nc1 dxc3 17. bxc3 Rxc3 18. Qb2 Rd3 19. Nxd3 Bxb2 20. Nxb2 Qxd2 21. Rab1 Rc8 22. Rf2 Rc1+ 0-1

[Event "SVK-ch Blitz"]
[Site "Nitra"]
[Date "2022.10.29"]
[Round "3"]
[White "Cajka, Tibor"]
[Black "Pacher, Milan"]
[Result "0-1"]
[WhiteElo "2013"]
[BlackElo "2334"]
[PlyCount "58"]
[EventDate "2022.10.29"]
[EventType "swiss"]
[EventRounds "13"]
[EventCountry "SVK"]
[SourceTitle "EXT 2024"]
[Source "ChessBase"]
[SourceDate "2023.10.10"]
[SourceVersion "1"]
[SourceVersionDate "2023.10.10"]
[SourceQuality "1"]

1. g3 e5 2. c3 d5 3. d4 e4 4. h4 Nf6 5. Bg5 Nbd7 6. e3 h6 7. Bxf6 Nxf6 8. Bh3 c6 9. Qb3 Bd6 10. Nd2 0-0 11. 0-0-0 b5 12. Bxc8 Qxc8 13. Ne2 a5 14. Nf4 a4 15. Qc2 c5 16. Kb1 Qb7 17. Ka1 b4 18. cxb4 cxb4 19. Rc1 Rfc8 20. Qd1 b3 21. Rxc8+ Qxc8 22. a3 Ra6 23. g4 Rc6 24. g5 Ng4 25. gxh6 Bxf4 26. exf4 Rxh6 27. Nb1 Nxf2 28. Qg1 Nxh1 29. Qxh1 Rc6 0-1

[Event "SVK-ch Blitz"]
[Site "Nitra"]
[Date "2022.10.29"]
[Round "4"]
[White "Kuna, Patrik"]
[Black "Cajka, Tibor"]
[Result "0-1"]
[WhiteElo "1757"]
[BlackElo "2013"]
[PlyCount "60"]
[EventDate "2022.10.29"]
[EventType "swiss"]
[EventRounds "13"]
[EventCountry "SVK"]
[SourceTitle "EXT 2024"]
[Source "ChessBase"]
[SourceDate "2023.10.10"]
[SourceVersion "1"]
[SourceVersionDate "2023.10.10"]
[SourceQuality "1"]

1. e4 c6 2. d4 g6 3. Be3 d5 4. e5 h5 5. Nc3 Bg4 6. f3 Bf5 7. Nge2 Bh6 8. Qd2 Bxe3 9. Qxe3 h4 10. 0-0-0 Nd7 11. g4 hxg3 12. Nxg3 Bh3 13. e6 Bxe6 14. f4 Qb6 15. Bd3 Bg4 16. Rde1 e6 17. f5 gxf5 18. Bxf5 Nh6 19. Bxg4 Nxg4 20. Qg5 Ngf6 21. Nf5 Kd8 22. Nd6 Rf8 23. Qg7 Kc7 24. Nxf7 Qxd4 25. Rxe6 Qf4+ 26. Kb1 Ne4 27. Nxe4 Rxf7 28. Qg2 dxe4 29. Rxe4 Qf3 30. Qg6 Qxh1+ 0-1

[Event "SVK-ch Blitz"]
[Site "Nitra"]
[Date "2022.10.29"]
[Round "8"]
[White "Zsitva, Norbert"]
[Black "Cajka, Tibor"]
[Result "0-1"]
[WhiteElo "1912"]
[BlackElo "2013"]
[PlyCount "52"]
[EventDate "2022.10.29"]
[EventType "swiss"]
[EventRounds "13"]
[EventCountry "SVK"]
[SourceTitle "EXT 2024"]
[Source "ChessBase"]
[SourceDate "2023.10.10"]
[SourceVersion "1"]
[SourceVersionDate "2023.10.10"]
[SourceQuality "1"]

1. e4 c6 2. d4 g6 3. f4 d5 4. e5 h5 5. Nf3 Bg4 6. Be3 e6 7. Bd3 Nh6 8. h3 Bxf3 9. Qxf3 Nf5 10. Bf2 h4 11. Nd2 Qb6 12. Bxf5 gxf5 13. Qb3 Nd7 14. Nf3 Be7 15. Qxb6 Nxb6 16. 0-0-0 Nd7 17. Ng5 Bxg5 18. fxg5 Rh5 19. Be3 0-0-0 20. Rdg1 Rdh8 21. g4 hxg3 22. Rxg3 Nf8 23. Bf2 Ng6 24. Be3 f4 25. Bf2 fxg3 26. Bxg3 Rxh3 0-1

[Event "SVK-chT2A 2223"]
[Site "Slovakia"]
[Date "2022.10.09"]
[Round "2.1"]
[White "Liptak, Tomas"]
[Black "Cajka, Tibor"]
[Result "1-0"]
[WhiteElo "2222"]
[BlackElo "2113"]
[PlyCount "159"]
[EventDate "2022.10.08"]
[EventType "team-tourn"]
[EventRounds "11"]
[EventCountry "SVK"]
[SourceTitle "CBM 210 Extra"]
[Source "ChessBase"]
[SourceDate "2022.11.30"]
[SourceVersion "1"]
[SourceVersionDate "2022.11.30"]
[SourceQuality "1"]
[WhiteTeam "Cifer"]
[BlackTeam "Osuske II"]
[WhiteTeamCountry "SVK"]
[BlackTeamCountry "SVK"]

1. e4 c5 2. Nc3 Nc6 3. f4 d6 4. g3 g6 5. Bg2 Bg7 6. Nge2 e6 7. d3 Nge7 8. Be3 Nd4 9. 0-0 0-0 10. Qd2 Rb8 11. Nd1 b5 12. c3 Nxe2+ 13. Qxe2 b4 14. Rc1 Ba6 15. Qd2 Qa5 16. b3 Qb5 17. c4 Qa5 18. Rc2 Nc6 19. f5 Qd8 20. Bh6 Qf6 21. Bg5 Qd4+ 22. Kh1 f6 23. Be3 Qe5 24. Bf4 Qd4 25. Be3 Qe5 26. Bf4 Qd4 27. fxe6 g5 28. Be3 Qe5 29. Bh3 Ne7 30. Nf2 Kh8 31. d4 cxd4 32. Bxd4 Qa5 33. Bxa7 Ra8 34. Be3 Rad8 35. Nd3 Bb7 36. Bg2 Qa8 37. Nf2 h6 38. Qxb4 f5 39. Kg1 f4 40. Bb6 Nc6 41. Qd2 Rde8 42. gxf4 gxf4 43. Nh3 f3 44. Rxf3 Rxf3 45. Bxf3 Ne5 46. Bg2 Bxe4 47. Qe3 Bxg2 48. Rxg2 Rxe6 49. Kh1 Rg6 50. Nf4 Rxg2 51. Nxg2 Qxa2 52. h3 Qa1+ 53. Qe1 Qb2 54. Qd1 Nxc4 55. Bc7 Qxg2+ 56. Kxg2 Ne3+ 57. Kf3 Nxd1 58. Bxd6 Nc3 59. Kg4 Nd5 60. Kf5 Kh7 61. b4 Ne3+ 62. Ke4 Nc4 63. Be7 Kg6 64. Kd5 Nb6+ 65. Kc6 Na4 66. Kb5 Nb2 67. Kc6 Kf7 68. Bd8 Bd4 69. b5 Ke6 70. b6 Nd3 71. b7 Ne5+ 72. Kc7 Nd7 73. Kc8 Ba7 74. Bc7 h5 75. Bh2 Nb6+ 76. Kc7 Nd5+ 77. Kc6 Nb4+ 78. Kb5 Nd5 79. Ka6 Nb4+ 80. Kxa7 1-0

[Event "SVK-chT2A 1819"]
[Site "Slovakia"]
[Date "2019.04.06"]
[Round "10.5"]
[White "Povysil, Peter"]
[Black "Cajka, Tibor"]
[Result "0-1"]
[WhiteElo "1973"]
[BlackElo "2115"]
[PlyCount "74"]
[EventDate "2018.10.13"]
[EventType "team-tourn"]
[EventRounds "11"]
[EventCountry "SVK"]
[SourceTitle "EXT 2020"]
[Source "ChessBase"]
[SourceDate "2019.10.17"]
[SourceVersion "1"]
[SourceVersionDate "2019.10.17"]
[SourceQuality "1"]
[WhiteTeam "Krasnany"]
[BlackTeam "Osuske II"]
[WhiteTeamCountry "SVK"]
[BlackTeamCountry "SVK"]

1. Nf3 Nf6 2. c4 g6 3. Nc3 Bg7 4. e4 d6 5. d4 0-0 6. Be2 c6 7. 0-0 Qc7 8. Be3 h6 9. Nd2 e5 10. d5 Nfd7 11. g4 g5 12. h4 gxh4 13. Nf3 h3 14. Qd2 Kh7 15. g5 Rg8 16. Kh2 Nf8 17. gxh6 Bf6 18. Rg1 Ng6 19. Ng5+ Bxg5 20. Rxg5 Nd7 21. Rag1 a6 22. Bh5 c5 23. Qe2 Nf6 24. Qf3 Qe7 25. Qg3 Nxh5 26. Rxh5 f6 27. Ne2 Qf7 28. Qf3 Bd7 29. Ng3 Nf4 30. Bxf4 Bg4 31. Qb3 Bxh5 32. Nxh5 Rxg1 33. Kxg1 Rg8+ 34. Bg3 Qxh5 35. Qxb7+ Kxh6 36. Kh2 Qf3 37. Kxh3 Kg6 0-1

[Event "SVK-chT2A 1819"]
[Site "Slovakia"]
[Date "2019.02.03"]
[Round "7.4"]
[White "Cajka, Tibor"]
[Black "Londin, Martin"]
[Result "1-0"]
[WhiteElo "2084"]
[BlackElo "1916"]
[PlyCount "161"]
[EventDate "2018.10.13"]
[EventType "team-tourn"]
[EventRounds "11"]
[EventCountry "SVK"]
[SourceTitle "CBM 189 Extra"]
[Source "ChessBase"]
[SourceDate "2019.06.03"]
[SourceVersion "1"]
[SourceVersionDate "2019.06.03"]
[SourceQuality "1"]
[WhiteTeam "Osuske II"]
[BlackTeam "Skalica"]
[WhiteTeamCountry "SVK"]
[BlackTeamCountry "SVK"]

1. e4 b6 2. d4 Bb7 3. Bd3 e6 4. c4 Nf6 5. Nc3 Bb4 6. Qc2 d5 7. cxd5 exd5 8. Qa4+ Nc6 9. Bb5 Qd6 10. e5 Bxc3+ 11. bxc3 Qe6 12. Ne2 a6 13. Nf4 axb5 14. Nxe6 Rxa4 15. Nxg7+ Kd7 16. exf6 b4 17. cxb4 Nxd4 18. 0-0 Rxb4 19. Re1 Nc2 20. Re7+ Kc6 21. Bd2 Rd4 22. Be3 Rc4 23. Rd1 Nxe3 24. fxe3 Rf8 25. Ne8 Kc5 26. Rxc7+ Bc6 27. Ng7 Kd6 28. Re7 Bd7 29. Rd2 Be6 30. h3 Rc1+ 31. Kh2 Re1 32. Rb2 Ke5 33. Rxb6 Kxf6 34. Nxe6 Kxe7 35. Nxf8 Kxf8 36. Rb3 Ke7 37. a4 Ra1 38. Rb4 Ra3 39. e4 dxe4 40. Rxe4+ Kf6 41. Rb4 Kg5 42. h4+ Kh5 43. Rf4 f5 44. g3 Kg6 45. Rc4 Ra2+ 46. Kh3 Kh5 47. Rb4 Kg6 48. Rf4 Kh6 49. g4 Ra3+ 50. Kg2 fxg4 51. Rxg4 Kh5 52. Rf4 h6 53. Kf2 Kg6 54. Ke2 Kh5 55. Kd2 Kg6 56. Kc2 h5 57. Kb2 Rg3 58. a5 Rd3 59. a6 Rd7 60. Ra4 Ra7 61. Ra5 Kf7 62. Kc3 Ke7 63. Kd4 Kd7 64. Ke5 Kc7 65. Kf4 Kb6 66. Rxh5 Kxa6 67. Rc5 Kb6 68. Rc3 Rf7+ 69. Kg5 Rg7+ 70. Kh6 Rg8 71. h5 Rg4 72. Kh7 Rg5 73. h6 Kb7 74. Kh8 Rg1 75. Kh7 Rg2 76. Rf3 Kc7 77. Rf6 Kd8 78. Rg6 Re2 79. Kg7 Re7+ 80. Kf6 Re1 81. h7 1-0

[Event "SVK-chT2A 1819"]
[Site "Slovakia"]
[Date "2018.11.17"]
[Round "3.5"]
[White "Hulla, Stanislav"]
[Black "Cajka, Tibor"]
[Result "1/2-1/2"]
[WhiteElo "1955"]
[BlackElo "2084"]
[PlyCount "42"]
[EventDate "2018.10.13"]
[EventType "team-tourn"]
[EventRounds "11"]
[EventCountry "SVK"]
[SourceTitle "CBM 189 Extra"]
[Source "ChessBase"]
[SourceDate "2019.06.03"]
[SourceVersion "1"]
[SourceVersionDate "2019.06.03"]
[SourceQuality "1"]
[WhiteTeam "Pezinok"]
[BlackTeam "Osuske II"]
[WhiteTeamCountry "SVK"]
[BlackTeamCountry "SVK"]

1. d4 c5 2. c3 cxd4 3. cxd4 Nf6 4. Nc3 g6 5. Bf4 Bg7 6. e3 0-0 7. Nf3 d6 8. Be2 a6 9. 0-0 b5 10. a3 Bb7 11. Qb3 Nc6 12. Rfd1 Na5 13. Qb4 Rc8 14. Rac1 h6 15. h3 Kh7 16. Bh2 Nc6 17. Qb3 Na5 18. Qb4 Nc4 19. a4 Bxf3 20. gxf3 Nd7 21. axb5 a5 1/2-1/2

[Event "SVK-chT 1819"]
[Site "Slovakia"]
[Date "2018.11.11"]
[Round "2.6"]
[White "Cajka, Tibor"]
[Black "Hanko, Pavol"]
[Result "0-1"]
[WhiteElo "2116"]
[BlackElo "2086"]
[PlyCount "88"]
[EventDate "2018.11.10"]
[EventType "team-tourn"]
[EventRounds "11"]
[EventCountry "SVK"]
[SourceTitle "CBM 187 Extra"]
[Source "ChessBase"]
[SourceDate "2018.11.04"]
[SourceVersion "1"]
[SourceVersionDate "2018.11.04"]
[SourceQuality "1"]
[WhiteTeam "Osuske"]
[BlackTeam "Dunajov Inbest"]
[WhiteTeamCountry "SVK"]
[BlackTeamCountry "SVK"]

1. e4 c5 2. Nf3 e6 3. d4 cxd4 4. Nxd4 Nf6 5. Nc3 d6 6. g4 h6 7. h4 h5 8. g5 Ng4 9. Be2 Nc6 10. Bxg4 hxg4 11. Nxc6 bxc6 12. e5 dxe5 13. Qxg4 Qd4 14. Qf3 Bb7 15. Be3 Qb4 16. 0-0-0 c5 17. Qh3 Bxh1 18. Qxh1 Rc8 19. h5 Qb6 20. h6 Rd8 21. Rxd8+ Kxd8 22. Qa8+ Kd7 23. Na4 Qa5 24. Qb7+ Qc7 25. hxg7 Bxg7 26. Nxc5+ Kd8 27. Qe4 Ke8 28. Na6 Qd8 29. g6 Bh6 30. gxf7+ Kxf7 31. Nc5 Qd5 32. Bxh6 Rxh6 33. Qxd5 exd5 34. Nd3 Ke6 35. Kd2 Rh8 36. c3 Rb8 37. b4 d4 38. c4 Kf5 39. f3 Rh8 40. a4 Rh2+ 41. Kd1 e4 42. fxe4+ Kxe4 43. Ne1 Rb2 44. b5 Rb4 0-1

[Event "SVK-chT2A 1718"]
[Site "Slovakia"]
[Date "2018.03.18"]
[Round "11.4"]
[White "Cajka, Tibor"]
[Black "Orosi, Peter"]
[Result "1/2-1/2"]
[WhiteElo "2065"]
[BlackElo "2065"]
[PlyCount "157"]
[EventDate "2017.10.28"]
[EventType "team-tourn"]
[EventRounds "11"]
[EventCountry "SVK"]
[SourceTitle "EXT 2020"]
[Source "ChessBase"]
[SourceDate "2019.10.17"]
[SourceVersion "1"]
[SourceVersionDate "2019.10.17"]
[SourceQuality "1"]
[WhiteTeam "Osuske II"]
[BlackTeam "Bratislava Doprastav"]
[WhiteTeamCountry "SVK"]
[BlackTeamCountry "SVK"]

1. e4 c5 2. Nf3 g6 3. d4 cxd4 4. Nxd4 Nc6 5. Be3 Nf6 6. Nc3 Bg7 7. Bc4 0-0 8. Bb3 e6 9. Nxc6 bxc6 10. Bc5 Re8 11. Bd6 Ba6 12. Qf3 c5 13. e5 Nd5 14. Nxd5 exd5 15. Qxd5 c4 16. Ba4 Bxe5 17. Bxe5 Qg5 18. 0-0 Qxe5 19. Qxe5 Rxe5 20. Bxd7 Rb8 21. Rfb1 Re2 22. b4 Rxc2 23. b5 Bc8 24. Bc6 Bb7 25. Bxb7 Rxb7 26. g3 Rd7 27. Rc1 Rdd2 28. Rxc2 Rxc2 29. Kg2 c3 30. a4 Rb2 31. Rc1 c2 32. Kf3 Ra2 33. Ke3 Rxa4 34. Rxc2 Rb4 35. Rc5 Kf8 36. h4 h5 37. Kd3 Ke7 38. Kc3 Rb1 39. Kc4 Ra1 40. Rc7+ Ke6 41. Rc6+ Kd7 42. Rf6 Ke7 43. Rf4 Ra4+ 44. Kd5 Rxf4 45. gxf4 Kd7 46. f5 gxf5 47. Ke5 Kc7 48. Kxf5 Kb6 49. Kf6 Kxb5 50. Kxf7 a5 51. f4 a4 52. f5 a3 53. f6 a2 54. Kg8 a1Q 55. f7 Qg1+ 56. Kh8 Qf2 57. Kg7 Qg3+ 58. Kh8 Qxh4 59. f8Q Qg4 60. Qe8+ Kc5 61. Qe7+ Kd5 62. Qf7+ Ke4 63. Qc4+ Ke3 64. Qc3+ Kf2 65. Qd2+ Kg3 66. Qe3+ Qf3 67. Qg5+ Kh3 68. Qg7 h4 69. Qd7+ Kg2 70. Qd2+ Qf2 71. Qd5+ Kh2 72. Qd6+ Qg3 73. Qd2+ Kh1 74. Qd1+ Kh2 75. Qd2+ Kh3 76. Qd7+ Qg4 77. Qd3+ Kg2 78. Qd2+ Kf3 79. Qd3+ 1/2-1/2

[Event "SVK-chT3A2 1718"]
[Site "Slovakia"]
[Date "2017.11.19"]
[Round "4.3"]
[White "Cajka, Tibor"]
[Black "Liptak, Dusan"]
[Result "0-1"]
[WhiteElo "2055"]
[BlackElo "2111"]
[PlyCount "82"]
[EventDate "2017.10.08"]
[EventType "team-tourn"]
[EventRounds "11"]
[EventCountry "SVK"]
[SourceTitle "EXT 2020"]
[Source "ChessBase"]
[SourceDate "2019.10.17"]
[SourceVersion "1"]
[SourceVersionDate "2019.10.17"]
[SourceQuality "1"]
[WhiteTeam "Senica CVC"]
[BlackTeam "Cifer"]
[WhiteTeamCountry "SVK"]
[BlackTeamCountry "SVK"]

1. e4 c5 2. Nf3 d6 3. d4 cxd4 4. Nxd4 Nf6 5. Nc3 a6 6. Be3 e5 7. Nb3 Be6 8. f3 Be7 9. Qd2 Nbd7 10. g4 Nb6 11. g5 Nh5 12. Na5 Qc7 13. 0-0-0 Rc8 14. Kb1 0-0 15. Bxb6 Qxb6 16. Nd5 Bxd5 17. exd5 Nf4 18. h4 f5 19. gxf6 Rxf6 20. Nc4 Qc5 21. Ne3 Rcf8 22. h5 Rh6 23. Ng4 Rxh5 24. Bd3 Rxh1 25. Rxh1 Nxd3 26. Qxd3 g6 27. Qd2 Rxf3 28. Qh6 Rf7 29. Qh3 Bg5 30. Rd1 h5 31. Nh2 Rf2 32. c4 Qxc4 33. Qe6+ Kg7 34. Ka1 Qc2 35. Rb1 Rxh2 36. Qd7+ Kh6 37. Qe8 Bf6 38. Qf8+ Bg7 39. Qxd6 e4 40. Qf4+ Kh7 41. Qf7 Qxb2+ 0-1

[Event "SVK-chT3A2 1718"]
[Site "Slovakia"]
[Date "2017.10.22"]
[Round "2.4"]
[White "Cajka, Tibor"]
[Black "Sebesta, Radovan"]
[Result "0-1"]
[WhiteElo "2055"]
[BlackElo "1989"]
[PlyCount "99"]
[EventDate "2017.10.08"]
[EventType "team-tourn"]
[EventRounds "11"]
[EventCountry "SVK"]
[SourceTitle "EXT 2020"]
[Source "ChessBase"]
[SourceDate "2019.10.17"]
[SourceVersion "1"]
[SourceVersionDate "2019.10.17"]
[SourceQuality "1"]
[WhiteTeam "Senica CVC"]
[BlackTeam "Senica SK"]
[WhiteTeamCountry "SVK"]
[BlackTeamCountry "SVK"]

1. e4 c5 2. Nf3 Nc6 3. Nc3 g6 4. Bc4 Bg7 5. a4 d6 6. 0-0 Nf6 7. h3 0-0 8. d3 b6 9. Bg5 Bb7 10. Qd2 Rc8 11. Bh6 a6 12. Bxg7 Kxg7 13. Rae1 e5 14. Nh2 Nh5 15. Ng4 Nf4 16. Nd5 h5 17. Ngf6 Nxd5 18. Nxd5 Nd4 19. f4 b5 20. axb5 axb5 21. f5 bxc4 22. Ne7 Qxe7 23. f6+ Qxf6 24. Rxf6 Kxf6 25. dxc4 Rfd8 26. Qf2+ Kg7 27. c3 Ne6 28. Rf1 Rd7 29. Qf6+ Kg8 30. Qh4 Ba6 31. b3 Rb8 32. Ra1 Ra8 33. b4 Rda7 34. b5 Bb7 35. Rxa7 Rxa7 36. Qe7 Ra1+ 37. Kf2 Bxe4 38. Qxd6 Ra2+ 39. Ke3 Bxg2 40. Qxe5 Bf1 41. Qb8+ Kh7 42. b6 Re2+ 43. Kd3 Nf4+ 44. Qxf4 Rf2+ 45. Ke3 Rxf4 46. b7 Re4+ 47. Kxe4 Bg2+ 48. Ke5 Bxb7 49. Kd6 f5 50. Kxc5 0-1